LEADER 01271nam a2200277 u 4500 001 000000000530 003 CaOOAMICUS 005 20070226104218.0 008 940805s1912 gw u000 u grc u 035 $a10009851 040 $aAAR$bita$dPUL(R)$dBSR 100 0 $aDiodorus Siculus,$df. c. 60-30 a.C.$0(OLS)http://pul/name/573 240 10$aBibliotheca historica.$0(OLS)http://pul/title/715 245 10$aDiodors roemische Annalen bis 302 a. Chr. samt dem ineditum Vaticanum /$chrsg. von A.B. Drachmann. 260 $aBonn :$bA. Marcus und E. Weber,$c1912. 300 $a72 p. ;$c20 cm 490 1 $aKleine Texte für Vorlesungen und Übungen ;$v97 504 $a"Literatur": p. 72. 700 1 $aDrachmann, A. B.$q(Anders Bjorn),$d1860-1935.$0(OLS)http://pul/name/579 830 0$aKleine Texte für Vorlesungen und Übungen ;$v97.$0(OLS)http://pul/title/703 850 $aPUL 852 $aPUL$W1$xDP1 Fondo Ciprotti$y59$m1550 A 12$j648$nBK-PRI$b $qFondi$B648$CPULBib$Z2$F648 $H $81 941 1 $a1 961 $aINV: Fondo Ciprotti 996 $6245$aDiodors roemische Annalen bis 302 a. Chr. samt dem ineditum Vaticanum$9(OLS)http://pul/title/716 996 $6260$aBonn :$bA. Marcus und E. Weber$9(OLS)http://pul/publisher/48167 LEADER 01466nam a2200337 a 4500 001 000000125803 003 CaOOAMICUS 005 20110622134524.0 008 110622s2007 it u000 u ita r 020 $a978-88-8229-678-0 040 $aPUL$bita 041 1 $aita$hger 082 04$a128.5 100 1 $aSperduto, Donato.$0(OLS)http://pul/name/79601 240 10$aSehen ohne zu sehen, oder der Untergang des Todes.$lItaliano.$0(OLS)http://pul/title/158746 245 10$aVedere senza vedere :$bovvero Il crepuscolo della morte /$cDonato Sperduto ; prefazione di Emanuele Severino. 246 33$aCrepuscolo della morte 260 $aFasano :$bSchena Editore,$c©2007. 300 $a47, 48 p. ;$c21 cm 546 $aTesto in italiano e tedesco. 650 4$aMorte (filosofia).$0(OLS)http://pul/subject/18691 700 1 $aSeverino, Emanuele,$d1929-2020.$0(OLS)http://pul/name/4702 850 $aPUL 852 $aPUL$W1$xSL Filosofia 3$y81$m128. 5 SPEDO 1$j144914$qDDC 21$B143923$CPULBib$Z2$F143923 $H117225 $82 941 1 $a9 996 $6020$a978-88-8229-678-0$9(OLS)http://pul/number/147563 996 $6082$a128.5$9(OLS)http://pul/classification/2072 996 $6245$aVedere senza vedere :$bovvero Il crepuscolo della morte$9(OLS)http://pul/title/158748 996 $6246$aCrepuscolo della morte$9(OLS)http://pul/title/158747 996 $6260$aFasano :$bSchena Editore$9(OLS)http://pul/publisher/72662